Estudio histórico sobre el descubrimiento y conquista de la Patagonia y de la Tierra del Fuego
I tiakina i:
| Kaituhi matua: | |
|---|---|
| Hōputu: | Pukapuka |
| Reo: | Pāniora |
| I whakaputaina: |
Leipzig, Alemania
F.A. Brockhaus
1903
|
| Ngā marau: | |
| Ngā Tūtohu: |
Tāpirihia he Tūtohu
Kāore He Tūtohu, Me noho koe te mea tuatahi ki te tūtohu i tēnei pūkete!
|
MARC
| LEADER | 00000nam a2200000 a 4500 | ||
|---|---|---|---|
| 001 | UCO2605 | ||
| 003 | CL-VaPUC | ||
| 005 | 20220426113107.0 | ||
| 008 | 000608e19030000GW |||||||||||||||||spa|d | ||
| 999 | |c 289110 |d 289108 | ||
| 040 | |c Pontificia Universidad Católica de Valparaíso | ||
| 082 | 0 | 4 | |a 983.646 MOR 1903 |2 21 |
| 100 | |a Morla Vicuña, Carlos |e autor |9 868788 | ||
| 245 | 1 | 0 | |a Estudio histórico sobre el descubrimiento y conquista de la Patagonia y de la Tierra del Fuego |
| 260 | |a Leipzig, Alemania |b F.A. Brockhaus |c 1903 | ||
| 300 | |a 527 páginas | ||
| 500 | |a Incluye 2 mapas | ||
| 583 | |a last modification |c 20000608 00:00:00 |k Rodrigo Vera | ||
| 650 | 0 | |a Ciudades |9 265474 | |
| 650 | 0 | |a Historia local |z PATAGONIA |z TIERRA DEL FUEGO |9 266584 | |
| 650 | 0 | |a Fuentes Históricas |9 265141 | |
| 650 | 0 | |a Historia de Chile |z PATAGONIA |z TIERRA DEL FUEGO |9 265473 | |
| 852 | |a BIBCUR | ||
| 942 | |c BK |2 ddc | ||
| 945 | |d 20000608 00:00:00 |a crobeson | ||
| 952 | |0 0 |1 0 |2 ddc |4 0 |6 983_646000000000000_MOR_1903 |7 0 |8 X |9 337280 |a BIBHIS |b BIBHIS |d 2019-11-20 |i 1293273 |o 983.646 MOR 1903 |p 1293273 |r 2024-01-30 |t 1 |w 2019-11-20 |y BK_X |k HIS | ||
| 952 | |0 0 |1 0 |2 ddc |4 0 |6 983_646000000000000_MOR_1903 |7 0 |8 X |9 337281 |a FDOBUD |b FDOBUD |d 2019-11-20 |i 1023659 |o 983.646 MOR 1903 |p 1023659 |r 2019-11-20 |t 2 |w 2019-11-20 |y BK_X |k BUD | ||
| 952 | |0 0 |1 0 |2 ddc |4 0 |6 983_646000000000000_MOR_1903 |7 0 |8 X |9 337282 |a FDOBUD |b FDOBUD |d 2019-11-20 |i 1023667 |o 983.646 MOR 1903 |p 1023667 |r 2019-11-20 |t 3 |w 2019-11-20 |y BK_X |k BUD | ||